Empirical performance of the black scholes model in India

Salvato in:
Dettagli Bibliografici
Autore principale: Ansari, Valeed Ahmad
Natura: Tesi Libro
Pubblicazione: Aligarh : Aligarh Muslim University, 2013.
Soggetti:
Tags: Aggiungi Tag
Nessun Tag, puoi essere il primo ad aggiungerne!!

MARC

LEADER 00000nam a2200000 4500
005 20250611122436.0
020 |a NA  |c TZS 20,000/= 
082 |a THS 332.63220954 ANS 
100 |a Ansari, Valeed Ahmad 
245 |a Empirical performance of the black scholes model in India  |c / Valeed Ahmad 
260 |a Aligarh :  |b Aligarh Muslim University,   |c 2013. 
300 |a viii, 143 leaves :   |b some col. ill.;  |c 28 cm. 
500 |a Thesis submitted for the award of the degree of Doctor of Philosophy in Business Scools Aligarh Muslim University 
502 |a Thesis . -  |b ( PhD in Business Administration).-  |c Aligarh Muslim University,   |d 2013. 
504 |a Includes references, leaves 137 - 143. 
546 |a eng. 
650 |a Blach-scholes model 
650 |a Scholastic volatility approach  |z India  
650 |a BS Model 
650 |a BS model  |v pricing   |z India  
942 |c TD 
999 |c 11001  |d 11001